header

Friendship fires (Record no. 244814)

MARC details
000 -LEADER
fixed length control field 01481nam a2200337Ia 4500
082 04 - DEWEY DECIMAL CLASSIFICATION NUMBER
Classification number 977.6/771053
100 1# - MAIN ENTRY--AUTHOR NAME
Personal name Cook, Sam.
245 10 - TITLE STATEMENT
Title Friendship fires
250 ## - EDITION STATEMENT
Edition statement 1st University of Minnesota Press ed.
260 ## - PUBLICATION, DISTRIBUTION, ETC. (IMPRINT)
Place of publication Minneapolis :
Name of publisher University of Minnesota Press,
Year of publication 2003.
300 ## - PHYSICAL DESCRIPTION
Number of Pages 180 p.
500 ## - GENERAL NOTE
General note Originally published: Duluth : Pfeifer-Hamilton, 1999.
General note A collection of stories and columns originally appearing in the Duluth news tribune.
650 #0 - SUBJECT ADDED ENTRY--TOPICAL TERM
Topical Term Outdoor life
856 40 - ELECTRONIC LOCATION AND ACCESS
Uniform Resource Identifier http://site.ebrary.com/lib/rucke/Doc?id=10159541

No items available.

© 2026 Rongo University
Contact us: librarian | system librarian | Rongo university